000 00643nam a2200241Ia 4500
003 OSt
005 20221007071250.0
006 a|||||r|||| 00| 0
007 ta
008 221006b |||||||| |||| 00| 0 eng d
024 _a14,878
037 _cTextual
040 _aFLL
_cFLL
_beng
041 _2eng
_aeng
082 _aX:9:Z3:N62, K2;1
100 _aFife IAN
_9688417
245 0 _aRedgrave's factories acts
250 _a22nd
260 _aLondon
_bButterworth & Co. (Publishers) Ltd. London
_c1972
300 _alxvi,1535p
_ccm.
942 _hX:9:Z3:N62, K2;1
_cTEXL
_2CC
999 _c1142891
_d1142891